<?xml version="1.0" encoding="UTF-8"?>
<record
    xmlns:xsi="http://www.w3.org/2001/XMLSchema-instance"
    xsi:schemaLocation="http://www.loc.gov/MARC21/slim http://www.loc.gov/standards/marcxml/schema/MARC21slim.xsd"
    xmlns="http://www.loc.gov/MARC21/slim">

  <leader>00749nam a2200217 i 4500</leader>
  <controlfield tag="001">77751</controlfield>
  <controlfield tag="003">BD-RjUL</controlfield>
  <controlfield tag="005">20211209083022.0</controlfield>
  <controlfield tag="008">171127s1952    ua a          ||| | ara d</controlfield>
  <datafield tag="035" ind1=" " ind2=" ">
    <subfield code="a">(BD-RjUL)77977</subfield>
  </datafield>
  <datafield tag="040" ind1=" " ind2=" ">
    <subfield code="a">UkOxU</subfield>
    <subfield code="b">eng</subfield>
    <subfield code="e">rda</subfield>
    <subfield code="c">UkOxU</subfield>
  </datafield>
  <datafield tag="041" ind1=" " ind2=" ">
    <subfield code="a">ara</subfield>
  </datafield>
  <datafield tag="082" ind1=" " ind2=" ">
    <subfield code="2">23</subfield>
    <subfield code="a">297.09</subfield>
    <subfield code="b">AMY 1952</subfield>
  </datafield>
  <datafield tag="100" ind1="1" ind2=" ">
    <subfield code="a"> &#x623;&#x645;&#x64A;&#x646; &#x60C; &#x623;&#x62D;&#x645;&#x62F;  ;; Am&#x12B;n, A&#x1E25;mad,</subfield>
    <subfield code="d">1886-1954.</subfield>
    <subfield code="9">248965</subfield>
  </datafield>
  <datafield tag="245" ind1="1" ind2="0">
    <subfield code="a">&#x64A;&#x648;&#x645; &#x627;&#x644;&#x625;&#x633;&#x644;&#x627;&#x645; ;; Yawm al-Isl&#x101;m /</subfield>
    <subfield code="c">&#x623;&#x62D;&#x645;&#x62F; &#x623;&#x645;&#x64A;&#x646; ;; ta&#x2BC;l&#x12B;f A&#x1E25;mad Am&#x12B;n.</subfield>
  </datafield>
  <datafield tag="260" ind1=" " ind2=" ">
    <subfield code="a">Misr ;; &#x645;&#x635;&#x631; :</subfield>
    <subfield code="b"> :Muassatul al Khanji ,</subfield>
    <subfield code="c">19</subfield>
  </datafield>
  <datafield tag="264" ind1=" " ind2="1">
    <subfield code="a">Mi&#x1E63;r :</subfield>
    <subfield code="b">&#x645;&#x624;&#x633;&#x633;&#x629; &#x627;&#x644;&#x62E;&#x627;&#x646;&#x62C;&#x64A;,;; Mu&#x2BC;asassat al-Khanj&#x12B;,</subfield>
    <subfield code="c">[1952]</subfield>
  </datafield>
  <datafield tag="300" ind1=" " ind2=" ">
    <subfield code="a">246 pages :</subfield>
    <subfield code="b">illustrations ;</subfield>
    <subfield code="c">24 cm</subfield>
  </datafield>
  <datafield tag="650" ind1=" " ind2="0">
    <subfield code="a">Islam</subfield>
    <subfield code="x">History.</subfield>
    <subfield code="9">248966</subfield>
  </datafield>
  <datafield tag="942" ind1=" " ind2=" ">
    <subfield code="2">ddc</subfield>
    <subfield code="c">BK</subfield>
  </datafield>
  <datafield tag="999" ind1=" " ind2=" ">
    <subfield code="c">77751</subfield>
    <subfield code="d">77751</subfield>
  </datafield>
  <datafield tag="952" ind1=" " ind2=" ">
    <subfield code="0">0</subfield>
    <subfield code="1">0</subfield>
    <subfield code="2">ddc</subfield>
    <subfield code="4">0</subfield>
    <subfield code="7">1</subfield>
    <subfield code="8">NFIC</subfield>
    <subfield code="a">RUCL</subfield>
    <subfield code="b">RUCL</subfield>
    <subfield code="c">Reading</subfield>
    <subfield code="d">2021-10-09</subfield>
    <subfield code="l">0</subfield>
    <subfield code="o">A 297.09 AMY 1952</subfield>
    <subfield code="r">2021-10-09 00:00:00</subfield>
    <subfield code="t">C-1</subfield>
    <subfield code="w">2021-10-09</subfield>
    <subfield code="y">BK</subfield>
  </datafield>
</record>
